000 01054nam a2200217Ia 4500
999 _c40257
_d40257
003 OSt
005 20210217103158.0
008 160316s2012 xxu||||| |||| 00| 0 eng d
020 _a9781107020870
040 _cn
082 _a610.285580
_bLOW
100 _aLowrance William W
245 _aPrivacy, confidentiality, and health research
260 _aCambridge
_bCambridge University Press
_c2012
300 _a188p
_cxiii
365 _b Rs. 6,202
505 _aTable of contents 1. Introduction; 2. Data, biospecimens, and research; 3. Privacy, confidentiality, safeguards; 4. Broad privacy and the data protection regimes; 5. Health care, public health, and research regimes; 6. Consent; 7. Identifiability and person-specific data; 8. Genetics and genomics; 9. Safeguards and responsibilities; 10. Data sharing, access, and transfer; 11. Ways forward.
650 _a1. Medical Records - Law & Legislation2. Medical Informatics - Medicine3. Health Service Accessibility - Medical Care
700 _a
_a
942 _2ddc
_cBK